| 000 | 00404nam a22001457a 4500 | ||
|---|---|---|---|
| 005 | 20200620123606.0 | ||
| 008 | 200620b xxu||||| |||| 00| 0 eng d | ||
| 082 | _a349.405 CLJ | ||
| 110 |
_aCRIMINAL LAW JOURNAL, _96260 |
||
| 245 | _aCRIMINAL LAW JOURNAL, [DECEMBER] 2019 [PART-12] VOL-125 | ||
| 260 |
_aMUMBAI _bALL INDIA REPORTER, PVT. LTD. |
||
| 300 | _a416;p | ||
| 650 |
_aLAW _95701 |
||
| 942 | _cJRL | ||
| 999 |
_c7375 _d7373 |
||